Vzdělávání žáků se sociálním znevýhodněním = Education of Socially Disadvantaged Students ; Vzdělávání žáků se speciálními vzdělávacími potřebami = Education of Pupils with Special Educational Needs : sborník z konference s mezinárodní účastí / Marie Vítková, Věra Vojtová (eds.)
Record details
- ISBN: 978-80-7315-188-1
- Physical Description: 157 s. ; 23 cm + 1 CD-ROM
- Publisher: Brno : Paido, 2009
Content descriptions
| General Note: | Pub. je souhrnem anotací příspěvků konference na Pedagogické fakultě Masarykovy univerzity ve dnech 16. a 17. září 2009 Pub. vychází v rámci řešení výzkumného záměru MSM0021622443 "Speciální potřeby žáků v kontextu Rámcového vzdělávacího programu pro základní vzdělávání" Na CD-ROMu název: Vzdělávání žáků se speciálními vzdělávacími potřebami - se sociálním znevýhodněním CD-ROM obsahuje plné znění příspěvků 500 výt. |
| Language Note: | Souběžný anglický text |
Search for related items by subject
| Genre: | sborníky konferencí anotace kolektivní monografie proceedings of conferences annotations collective monographs |
Available copies
- 2 of 2 copies available at Common Catalog SPOK.
Holds
- 0 current holds with 2 total copies.
Show Only Available Copies
| Location | Call Number / Copy Notes | Barcode | Shelving Location | Status | Due Date |
|---|---|---|---|---|---|
| Varianty | IKV Vz | 4605400155 | Šafaříkova 17 - 5. patro, IKV | Available | - |
| Varianty | IKV Vz | 4605400787 | Šafaříkova 17 - 5. patro, IKV | Available | - |
Electronic resources
Version of Resource: Digitalizovaný dokument
| LDR | 03331nam a2200661 a 4500 | ||
|---|---|---|---|
| 001 | 31366 | ||
| 003 | CZ-PrJAB | ||
| 005 | 20190317101712.0 | ||
| 007 | ta | ||
| 008 | 090820s2009 xr f 100 0 cze | ||
| 015 | . | ‡acnb001990629 | |
| 020 | . | ‡a978-80-7315-188-1 ‡q(brož.) | |
| 035 | . | ‡a(CZ PrNK)nkc20091990629 | |
| 035 | . | ‡a(OCoLC)607521035 | |
| 040 | . | ‡aBOA001 ‡bcze | |
| 041 | 1 | . | ‡acze ‡aeng ‡hcze |
| 072 | 7. | ‡a376 ‡xVýchova a vzdělávání zvláštních skupin osob ‡2Konspekt ‡922 | |
| 080 | . | ‡a316.344.6-056.26/.3-053.2 ‡2MRF | |
| 080 | . | ‡a316.344.7 ‡2MRF | |
| 080 | . | ‡a37.043.2 ‡2MRF | |
| 080 | . | ‡a376 ‡2MRF | |
| 080 | . | ‡a(062.534) ‡2MRF | |
| 080 | . | ‡a(048.2) ‡2MRF | |
| 080 | . | ‡a(048.8:082) ‡2MRF | |
| 111 | 2 | . | ‡aVzdělávání žáků se sociálním znevýhodněním. Vzdělávání žáků se speciálními vzdělávacími potřebami ‡d(2009 : ‡cBrno, Česko) ‡7mzk2010513304 |
| 245 | 1 | 0. | ‡aVzdělávání žáků se sociálním znevýhodněním = ‡bEducation of Socially Disadvantaged Students ; Vzdělávání žáků se speciálními vzdělávacími potřebami = Education of Pupils with Special Educational Needs : sborník z konference s mezinárodní účastí / ‡cMarie Vítková, Věra Vojtová (eds.) |
| 246 | 3 | 1. | ‡aEducation of Socially Disadvantaged Students |
| 260 | . | ‡aBrno : ‡bPaido, ‡c2009 | |
| 300 | . | ‡a157 s. ; ‡c23 cm + ‡e1 CD-ROM | |
| 500 | . | ‡aPub. je souhrnem anotací příspěvků konference na Pedagogické fakultě Masarykovy univerzity ve dnech 16. a 17. září 2009 | |
| 500 | . | ‡aPub. vychází v rámci řešení výzkumného záměru MSM0021622443 "Speciální potřeby žáků v kontextu Rámcového vzdělávacího programu pro základní vzdělávání" | |
| 500 | . | ‡aNa CD-ROMu název: Vzdělávání žáků se speciálními vzdělávacími potřebami - se sociálním znevýhodněním | |
| 500 | . | ‡aCD-ROM obsahuje plné znění příspěvků | |
| 500 | . | ‡a500 výt. | |
| 546 | . | ‡aSouběžný anglický text | |
| 650 | 0 | 7. | ‡aděti se zdravotním postižením ‡7ph116745 ‡2czenas |
| 650 | 0 | 7. | ‡asociálně ohrožené skupiny ‡7ph135661 ‡2czenas |
| 650 | 0 | 7. | ‡aintegrovaná výchova a vzdělávání ‡7ph121132 ‡2czenas |
| 650 | 0 | 7. | ‡aspeciální pedagogika ‡7ph116230 ‡2czenas |
| 650 | 0 | 9. | ‡achildren with disabilities ‡2eczenas |
| 650 | 0 | 9. | ‡apeople with social disabilities ‡2eczenas |
| 650 | 0 | 9. | ‡aintegrated education ‡2eczenas |
| 650 | 0 | 9. | ‡aspecial education ‡2eczenas |
| 655 | 7. | ‡asborníky konferencí ‡7fd133333 ‡2czenas | |
| 655 | 7. | ‡aanotace ‡7fd131816 ‡2czenas | |
| 655 | 7. | ‡akolektivní monografie ‡7fd501537 ‡2czenas | |
| 655 | 9. | ‡aproceedings of conferences ‡2eczenas | |
| 655 | 9. | ‡aannotations ‡2eczenas | |
| 655 | 9. | ‡acollective monographs ‡2eczenas | |
| 700 | 1 | . | ‡aVítková, Marie, ‡d1947- ‡7xx0001379 ‡4edt |
| 700 | 1 | . | ‡aVojtová, Věra, ‡d1956- ‡7mzk2005269992 ‡4edt |
| 740 | 0 | 2. | ‡aVzdělávání žáků se speciálními vzdělávacími potřebami |
| 740 | 0 | 2. | ‡aEducation of Pupils with Special Educational Needs |
| 740 | 0 | 2. | ‡aVzdělávání žáků se speciálními vzdělávacími potřebami - se sociálním znevýhodněním |
| 740 | 0 | 2. | ‡aEducation of Pupils with Special Educational Needs |
| 856 | 4 | 1. | ‡uhttp://kramerius4.nkp.cz/search/handle/uuid:2cf3bcf0-3332-11e4-8f64-005056827e52 ‡yDigitalizovaný dokument |
| 910 | . | ‡aABH006 | |
| 901 | . | ‡a31366 ‡b ‡c31366 ‡tbiblio | |